| 000 | 00975cab a2200265 4500 | ||
|---|---|---|---|
| 001 | ABS60024 | ||
| 008 | 090401t1999 xxu||||| |||| 00| 0 eng d | ||
| 035 | _a(Sirsi) u90720 | ||
| 041 | _aeng | ||
| 100 | _aGwaspari, J. | ||
| 245 | _aNew guidance planned on site investigations | ||
| 260 | _c1999 | ||
| 350 | _a0 | ||
| 490 |
_aCSM (Chartered Surveyor Monthly) _v8(5) January 1999, 33(1) |
||
| 520 | _aLooks at the background to the proposed information paper on site investigations to be published by the RICS civil engineering practice panel. Includes list of topics on which comments are requested from members, as well as information which is available on the topic already. | ||
| 650 | _aCIVIL ENGINEERING | ||
| 650 | _aGUIDANCE NOTES | ||
| 650 | _aINFORMATION PAPER | ||
| 650 | _aRICS | ||
| 650 | _aSITE INVESTIGATIONS | ||
| 650 | _aSITE SURVEYS | ||
| 690 | _aMANAGEMENT-BUSINESS MANAGEMENT-PROFESSIONAL PRACTICE | ||
| 942 | _n0 | ||
| 948 | _c14/01/1999 | ||
| 999 |
_c57527 _d57527 |
||